[Event "Werfen op"]
[Site "Werfen"]
[Date "1995.??.??"]
[Round "2"]
[White "Hess, K."]
[Black "Zoler, Dan"]
[Result "0-1"]
[WhiteElo "1670"]
[BlackElo "2415"]

1.e4 c5 2.Nf3 d6 3.Bb5+ Bd7 4.Bxd7+ Qxd7 5.O-O Nc6 6.d4 cxd4 7.Nxd4 Nf6 8.Re1 g6
9.c3 Bg7 10.f4 e6 11.e5 dxe5 12.fxe5 Nd5 13.Nxc6 Qxc6 14.Kh1 O-O 15.Bg5 h6
16.Bh4 Nf4 17.Qd2 g5 18.Bg3 Rad8 19.Qc2 Nd3 20.Re3 Qd5 21.Nd2 Nxe5 22.Nf3 Nxf3
23.Rxf3 Rd7 24.Raf1 Qxa2 25.Qf2 b6 26.h4 Qd5 27.hxg5 hxg5 28.Bh2 g4 29.Re3 f5
30.Qh4 e5 31.Qg5 f4 32.Re2 g3 33.Bxg3 fxg3 34.Rxf8+ Kxf8 35.Qxg3 Kg8 36.Qg4 Rf7
37.Re3 Qd7 38.Qg5 Rf5 39.Qg6 Qd1+ 40.Kh2 Qh5+ 41.Qxh5 Rxh5+ 42.Kg3 Kf7  0-1

[Event "Werfen op"]
[Site "Werfen"]
[Date "1995.??.??"]
[Round "8"]
[White "Zontakh, Andrey"]
[Black "Krakops, Maris"]
[Result "1-0"]
[WhiteElo "2460"]
[BlackElo "2525"]

1.e4 c5 2.Nf3 d6 3.Bb5+ Bd7 4.Bxd7+ Qxd7 5.c4 Nc6 6.Nc3 Nf6 7.O-O g6 8.d4 cxd4
9.Nxd4 Bg7 10.Nde2 O-O 11.f3 a6 12.a4 e6 13.Bg5 Qc7 14.Kh1 Rfd8 15.b3 h6
16.Bh4 Qa5 17.Rb1 Nb4 18.Be1 Qc7 19.Rc1 Qe7 20.Nf4 g5 21.Nd3 Nc6 22.Bf2 d5
23.exd5 exd5 24.Re1 Qc7 25.c5 Re8 26.Qd2 Qd7 27.b4 Qf5 28.Ne2 h5 29.b5 axb5
30.axb5 Na5 31.Nd4 Rxe1+ 32.Rxe1 Nc4 33.Nxf5 Nxd2 34.Be3 Nc4 35.Bxg5 Re8
36.Rxe8+ Nxe8 37.Ne7+ Kf8 38.Nxd5 Ne5 39.Be7+ Kg8 40.N3f4 Bf8 41.Nxh5 Bxe7
42.Nxe7+ Kf8 43.Nd5  1-0

[Event "Hoogovens op"]
[Site "Wijk aan Zee"]
[Date "1995.??.??"]
[Round "8"]
[White "Tkachiev, Vladislav"]
[Black "Lutz, Christopher"]
[Result "0-1"]
[WhiteElo "2575"]
[BlackElo "2560"]

1.e4 c5 2.Nf3 d6 3.Bb5+ Bd7 4.Bxd7+ Qxd7 5.c4 Nc6 6.Nc3 Nf6 7.O-O e6 8.d4 cxd4
9.Nxd4 Be7 10.b3 O-O 11.Bb2 Rfd8 12.Re1 Rac8 13.Qd2 b6 14.Rad1 a6 15.Nxc6 Qxc6
16.Qe2 Bf8 17.Rd3 Nd7 18.Red1 b5 19.cxb5 axb5 20.Rd4 Rb8 21.Rb4 Nf6 22.Nxb5 e5
23.a4 d5 24.Na7 Qc5 25.Rxb8 Rxb8 26.Nb5 dxe4 27.h3 h6 28.Rc1 Qe7 29.Qc4 Rd8
30.a5 Qb7 31.Qc7 Qa8 32.Bxe5 e3 33.Bxf6 exf2+ 34.Kf1 gxf6 35.a6 Rd5 36.Na7 Re5
37.Kxf2 Qe4 38.Kg1 Rg5 39.Qc2 Qe3+ 40.Qf2 Qxc1+  0-1

[Event "Oberliga Wuert9495"]
[Site "Wuerttemberg"]
[Date "1995.??.??"]
[Round "?"]
[White "Bauer, Eckart"]
[Black "Seeger, Werner"]
[Result "0-1"]
[WhiteElo "2300"]
[BlackElo "2205"]

1.e4 c5 2.Nf3 d6 3.Bb5+ Bd7 4.Bxd7+ Qxd7 5.O-O Nf6 6.Re1 Nc6 7.c3 e6 8.d4 cxd4
9.cxd4 d5 10.exd5 Nxd5 11.Nc3 Be7 12.Ne5 Nxc3 13.bxc3 Nxe5 14.Rxe5 O-O 15.Qb3 Bd6
16.Rb5 Rab8 17.Rb1 b6 18.c4 Rbc8 19.Be3 Bc7 20.g3 h6 21.Qd1 f5 22.f4 Qc6
23.d5 Qd7 24.Qb3 exd5 25.Rxd5 Qf7 26.c5 bxc5 27.Bxc5 Rb8 28.Bb4 Rxb4  0-1

[Event "Yalta op"]
[Site "Yalta"]
[Date "1995.??.??"]
[Round "?"]
[White "Pavlenko, Oleg"]
[Black "Ovsejevitsch, Sergei"]
[Result "1/2-1/2"]
[WhiteElo "2300"]
[BlackElo "2405"]

1.e4 c5 2.Nf3 d6 3.Bb5+ Nd7 4.O-O Nf6 5.Re1 a6 6.Bf1 b6 7.d4 cxd4 8.Qxd4 e6
9.c4 Be7 10.Nc3 O-O 11.b3 Qc7 12.Bb2 Bb7 13.Rad1 Rad8 14.Qe3 Nc5 15.Nd2 Rfe8
16.Qg3 Qb8 17.b4 Ncd7 18.a3 Ne5 19.f4 Ng6 20.Qf2 Qc7 21.g3 Ng4 22.Qe2 h5
23.Bg2 b5 24.Bf3 bxc4 25.Nxc4 d5 26.Na5 Bc5+ 27.bxc5 Qxc5+ 28.Kg2 Qxa5 29.exd5 exd5
30.Qxe8+ Rxe8 31.Rxe8+ Kh7 32.Nxd5 Qb5 33.Re2 Ne7 34.a4 Qb3 35.Rxe7 Qxb2+
36.Re2 Qb3 37.Rd4 Bxd5 38.Rxd5 Ne3+ 39.Rxe3 Qxe3 40.Rxh5+ Kg8 41.Re5 Qd2+
42.Re2 Qb4 43.Re4 Qb2+ 44.Re2 Qb4 45.Re4 Qd2+ 46.Re2 Qd7 47.a5 f6 48.Rc2 Qb5
49.Ra2 g5 50.fxg5 fxg5 51.g4 Kg7 52.Kg3 Qe5+ 53.Kg2 Kf6 54.Ra4 Qb5 55.Ra2 Ke5
56.Kg3 Kd4 57.Rd2+ Ke3 58.Ra2 Qb8+ 59.Kg2 Kd3 60.Ra3+ Kc4 61.Ra4+ Kc3  1/2-1/2

[Event "Yalta opJ"]
[Site "Yalta"]
[Date "1995.??.??"]
[Round "?"]
[White "Khruschiov, Alexey"]
[Black "Zakharov, Alexander S"]
[Result "0-1"]
[WhiteElo "2035"]
[BlackElo "2305"]

1.e4 c5 2.Nf3 d6 3.Bb5+ Nd7 4.O-O Nf6 5.Re1 a6 6.Bf1 b6 7.d4 cxd4 8.Nxd4 Bb7
9.Nc3 e6 10.f4 Qc7 11.Kh1 Be7 12.e5 dxe5 13.fxe5 Nxe5 14.Bf4 Nfg4 15.Qe2 Bc5
16.Bxe5 Qxe5 17.Qxg4 Qxd4 18.Rxe6+ fxe6 19.Qxe6+ Kf8 20.Be2 Qf2 21.Qg4 Qxg2+
22.Qxg2 Bxg2+ 23.Kxg2 g6 24.Rd1 Ra7 25.a3 a5 26.Nd5 Kg7 27.c4 Rf7 28.Bf3 Rhf8
29.Rd3 a4 30.Nc3 Rf4 31.Ne4 Re8 32.Rd7+ Kh6 33.Nc3 Re3 34.Bd5 Rg4+ 35.Kf1 Rf4+
36.Kg2 Re1 37.Kg3 g5 38.h3 Rf2 39.h4 Rg1+  0-1

[Event "Yalta opJ"]
[Site "Yalta"]
[Date "1995.??.??"]
[Round "?"]
[White "Kozel, Roman"]
[Black "Zakharov, Alexander S"]
[Result "1-0"]
[WhiteElo "2420"]
[BlackElo "2305"]

1.e4 c5 2.Nf3 d6 3.Bb5+ Nd7 4.d4 Nf6 5.Nc3 cxd4 6.Qxd4 e5 7.Qd3 h6 8.a4 Be7
9.O-O O-O 10.Rd1 Qc7 11.Qe2 a6 12.Bc4 Nb6 13.Bb3 Be6 14.a5 Nbd7 15.Nh4 Nc5
16.Bxe6 fxe6 17.Ng6 Rf7 18.Qc4 Bf8 19.f3 Rc8 20.Be3 Kh7 21.Nxf8+ Rfxf8 22.Bxc5 Qxc5+
23.Qxc5 dxc5 24.Rd6 Rfd8 25.Rad1 Rxd6 26.Rxd6 Rc6 27.Rxc6 bxc6 28.Na4 Nd7
29.Kf2 Kg6 30.Ke3 Kf6 31.Kd3 Ke7 32.Kc4 Kd6 33.g3 g6 34.c3 g5 35.g4  1-0

[Event "Yalta op"]
[Site "Yalta"]
[Date "1995.??.??"]
[Round "5"]
[White "Kazhgaleyev, Murtas"]
[Black "Golubev, Mihail"]
[Result "1/2-1/2"]
[WhiteElo "2495"]
[BlackElo "2570"]

1.e4 c5 2.Nf3 d6 3.Bb5+ Bd7 4.Bxd7+ Nxd7 5.O-O Ngf6 6.Qe2 e6 7.d4 cxd4 8.Nxd4 Be7
9.c4 O-O 10.b3 Qb6 11.Bb2 a6 12.Nd2 Qc5 13.Kh1 Qh5 14.f3 Ne5 15.Qe3 Nfd7
16.f4 Ng4 17.Qg3 Qh4 18.Qxh4 Bxh4 19.g3 Be7 20.h3 Ngf6 21.Ba3 Rfe8 22.Rfe1 Rac8
23.N2f3 Nc5 24.Bxc5 Rxc5 25.e5 dxe5 26.Nxe5 Rd8 27.Rad1 Rcc8 28.Kg2 Bb4 29.Rf1 Ne4
30.Nc2 Be7 31.Ne3 Bc5 32.Rxd8+ Rxd8 33.Rd1 Rxd1 34.Nxd1 f6 35.Nd3 Bd4 36.Kf3 Nd2+
37.Ke2 Ne4 38.Kf3 f5 39.a4 Nd2+ 40.Ke2 Ne4 41.Kf3  1/2-1/2

[Event "Yalta op"]
[Site "Yalta"]
[Date "1995.??.??"]
[Round "7"]
[White "Kazhgaleyev, Murtas"]
[Black "Mukhametov, Eldar"]
[Result "1/2-1/2"]
[WhiteElo "2495"]
[BlackElo "2515"]

1.e4 c5 2.Nf3 d6 3.Bb5+ Nc6 4.c3 Nf6 5.Qe2 Bg4 6.d4 cxd4 7.cxd4 a6 8.Bxc6+ bxc6
9.O-O e6 10.h3 Bh5 11.Bg5 Be7 12.Rc1 Qd7 13.Nbd2 O-O 14.e5 Nd5 15.Bxe7 Qxe7
16.exd6 Qxd6 17.Qe5 Qxe5 18.Nxe5 Ne7 19.Nxc6 Nxc6 20.Rxc6 Rfd8 21.Nb3 Be2
22.Rac1 a5 23.Rc7 h6 24.Re1 Bh5 25.Re5 Bg6 26.Rxa5 Rxa5 27.Nxa5 Rxd4 28.Nc4 Rd1+
29.Kh2 Rc1 30.Rc8+ Kh7 31.Nb6 Rd1 32.Kg3 Rd3+ 33.f3 Rd2 34.Na4 e5 35.Re8 f6
36.Re7 Rc2 37.Kh2 Bd3 38.Kg1 Rc1+ 39.Kf2 Rc2+  1/2-1/2

[Event "ARM-ch"]
[Site "Yerevan"]
[Date "1995.??.??"]
[Round "1"]
[White "Khachian, Melikset"]
[Black "Petrosian, Arshak B"]
[Result "1-0"]
[WhiteElo "2420"]
[BlackElo "2435"]

1.e4 c5 2.Nf3 d6 3.Bb5+ Bd7 4.Bxd7+ Qxd7 5.c4 e6 6.Nc3 Nc6 7.d4 cxd4 8.Nxd4 Nf6
9.O-O Be7 10.Be3 O-O 11.Qe2 Rfd8 12.Rad1 b6 13.f4 Rac8 14.b3 Qb7 15.Nxc6 Qxc6
16.Bd4 a6 17.Kh1 Rb8 18.f5 e5 19.Be3 b5 20.Nd5 Nxd5 21.cxd5 Qd7 22.Rd3 Rdc8
23.Qh5 b4 24.Bh6 Qb5 25.Qg4 g6 26.fxg6 hxg6 27.Rdf3 Rf8 28.h4 Qe2 29.h5  1-0

[Event "Zadar op"]
[Site "Zadar"]
[Date "1995.??.??"]
[Round "?"]
[White "Kristovic, Marijan"]
[Black "Ljubicic, Filip"]
[Result "1-0"]
[WhiteElo "2275"]
[BlackElo "2395"]

1.e4 c5 2.Nf3 d6 3.Bb5+ Bd7 4.a4 Nf6 5.Qe2 Nc6 6.c3 a6 7.Bc4 Ne5 8.Nxe5 dxe5
9.a5 Bc6 10.d3 e6 11.Be3 Be7 12.Nd2 O-O 13.Nb3 Nd7 14.h4 Kh8 15.g3 Bd6 16.f3 Qe7
17.g4 f6 18.Qd2 b5 19.axb6 Nxb6 20.Na5 Bb5 21.h5 f5 22.Bg5 Qd7 23.h6 g6 24.O-O-O f4
25.Qf2 Rab8 26.Qh4 Na4 27.Rh2 Qf7 28.Ba2 Bc7 29.Nc4 Rbe8 30.Rc2 Nb6 31.Kb1 Kg8
32.Qf2 Nd7 33.d4 cxd4 34.cxd4 Ba4 35.b3 Rb8 36.Nb2 Bxb3 37.Bxb3 Rxb3 38.Rxc7 Rfb8
39.dxe5  1-0

[Event "EU-ch U16"]
[Site "Zagan"]
[Date "1995.??.??"]
[Round "4"]
[White "Eusebe, Aurelien"]
[Black "Matikozian, Andranik"]
[Result "1/2-1/2"]
[WhiteElo "2125"]
[BlackElo "2300"]

1.e4 c5 2.Nf3 d6 3.Bb5+ Bd7 4.Bxd7+ Qxd7 5.O-O Nf6 6.Re1 e6 7.c3 Be7 8.d4 cxd4
9.cxd4 d5 10.e5 Ne4 11.Qd3 Nc6 12.a3 O-O 13.Nbd2 Nxd2 14.Bxd2 Rfc8 15.b4 a6
16.Bg5 Bf8 17.Nd2 Na7 18.Nb3 Qb5 19.Qb1 Rc4 20.Na5 Rxd4 21.Be3 Re4 22.Bxa7 Rxe1+
23.Qxe1 Rxa7 24.Qe3 Ra8 25.Rc1 Qd7 26.Qc3 d4 27.Qc7 Qxc7 28.Rxc7 b6 29.Nc6 d3
30.Kf1 a5 31.Ke1 axb4 32.axb4 Ra1+ 33.Kd2 Ra2+ 34.Ke3 g6 35.Rd7 Bh6+ 36.f4 Rxg2
37.Rxd3 Rxh2 38.Rd8+ Kg7 39.Ne7 f6 40.Rd7 Rh3+ 41.Ke4 Kf8 42.exf6 Rh1 43.Nc8 Re1+
44.Kf3 Rf1+ 45.Kg2 Rxf4 46.Rxh7 Bg5 47.Nxb6 Bxf6 48.Nd7+ Ke8 49.b5 Bd8 50.b6 Rf7
51.Rxf7  1/2-1/2

[Event "EU-ch U16"]
[Site "Zagan"]
[Date "1995.??.??"]
[Round "7"]
[White "Dearing, Eddie"]
[Black "Bialy, Rafal"]
[Result "0-1"]
[WhiteElo "2060"]
[BlackElo "2125"]

1.e4 c5 2.Nf3 d6 3.Bb5+ Bd7 4.Bxd7+ Qxd7 5.c4 Nc6 6.Nc3 Nf6 7.O-O e5 8.d3 g6
9.Ne1 Bg7 10.f4 exf4 11.Bxf4 O-O 12.Nc2 Ng4 13.Qd2 Nge5 14.Rae1 Rab8 15.a3 a6
16.Ne3 b5 17.Ncd5 Qd8 18.b4 Nd4 19.bxc5 dxc5 20.Bxe5 Bxe5 21.Ng4 f6 22.Qh6 b4
23.axb4 cxb4 24.h4 Rb7 25.h5 Rg7 26.Re3 b3 27.Rh3 g5 28.Re3 Rff7 29.Ree1 Qb6
30.Kh1 a5 31.c5 Qe6 32.Nge3 a4 33.Nc4 Bb8 34.Ndb6 Bg3 35.Re3 Qg4 36.Rxg3 Qxg3
37.Rf3 Qh4+ 38.Rh3 Qe1+ 39.Kh2 Ne2 40.Re3 Qh4+ 41.Rh3 Qe1 42.Re3 Qg1+ 43.Kh3 Qh1+
44.Kg4 Qh4+  0-1

[Event "EU-ch U18 Girls"]
[Site "Zagan"]
[Date "1995.??.??"]
[Round "10"]
[White "Luks, Monika"]
[Black "Dworakowska, Joanna"]
[Result "1/2-1/2"]
[WhiteElo "2200"]
[BlackElo "2290"]

1.e4 c5 2.Nf3 d6 3.Bb5+ Bd7 4.Bxd7+ Qxd7 5.O-O Nf6 6.Qe2 g6 7.e5 dxe5 8.Nxe5 Qc8
9.Re1 Nbd7 10.Nc4 e6 11.Nc3 Qc6 12.a4 Bg7 13.Na5 Qb6 14.Nc4 Qc6 15.Na5 Qb6
16.Nc4 Qc6 17.Na5  1/2-1/2

[Event "EU-ch U18 Girls"]
[Site "Zagan"]
[Date "1995.??.??"]
[Round "11"]
[White "Lakos, Nikoletta"]
[Black "Dworakowska, Joanna"]
[Result "1-0"]
[WhiteElo "2275"]
[BlackElo "2290"]

1.e4 c5 2.Nf3 d6 3.Bb5+ Nc6 4.Bxc6+ bxc6 5.O-O e5 6.c3 Nf6 7.Re1 Be7 8.d4 cxd4
9.cxd4 exd4 10.Nxd4 Bd7 11.Qf3 O-O 12.Nc3 Ne8 13.Be3 Bf6 14.Rac1 g6 15.Red1 Bg7
16.h3 Rc8 17.Qe2 Rb8 18.Rd2 Qe7 19.Qd3 Rb4 20.Qa6 Bxd4 21.Bxd4 Bxh3 22.Be3 Bd7
23.Qxa7 Qe6 24.a3 Rb3 25.Bh6 Ng7 26.Qd4 f6 27.Qxd6 Qxd6 28.Rxd6 Be8 29.Rc2 Rf7
30.Ne2 Re7 31.Nd4 Rb6 32.f3 Kf7 33.Nxc6 Bxc6 34.Rdxc6 Rxc6 35.Rxc6 Ne6 36.Rc8 g5
37.Kf2 Rb7 38.b4 Ra7 39.Rc3 Kg6 40.Rc6 Nd4 41.Rc4 Ne6 42.Rc6 Nd4 43.Rd6 Nb5
44.Rb6 Nxa3 45.Bf8 Nc4 46.Rc6 Ne5 47.Rc2 h5 48.Bd6 Nf7 49.Bc5 Rb7 50.Rd2 Ne5
51.Rd6 Kf7 52.Ke2 h4 53.Rb6 Rd7 54.Ra6 Nd3 55.Bd6 Nb2 56.Rc6 Ke6 57.Bh2+ Ke7
58.Rc7 Rxc7 59.Bxc7 Ke6 60.b5 Na4  1-0

[Event "EU-ch U18"]
[Site "Zagan"]
[Date "1995.??.??"]
[Round "11"]
[White "Baklan, Vladimir"]
[Black "Stocek, Jiri"]
[Result "1-0"]
[WhiteElo "2490"]
[BlackElo "2475"]

1.e4 c5 2.Nf3 d6 3.Bb5+ Nd7 4.d4 Nf6 5.O-O cxd4 6.Qxd4 e5 7.Qd3 h6 8.c4 Be7
9.Nc3 O-O 10.Bxd7 Bxd7 11.b3 a6 12.Rd1 b5 13.c5 dxc5 14.Nxe5 Be8 15.Qf3 Qb6
16.Be3 Qe6 17.Nd3 Rc8 18.Nf4 Qe5 19.Nfd5 Nxd5 20.Nxd5 Bd8 21.Rac1 c4 22.Bd4 Qg5
23.Qh3 f5 24.Ne3 Bh5 25.Rf1 Be2 26.Rfe1 Bg4 27.Nxg4 Qxg4 28.Qxg4 fxg4 29.bxc4 bxc4
30.e5 Bg5 31.Rc2 Rfd8 32.Re4 h5 33.Kf1 Rc6 34.h3 gxh3 35.gxh3 g6 36.Ke2 Kf7
37.f4 Be7 38.Be3 Rdc8 39.Kf3 Ke6 40.Rd4 Kf5 41.Rd5 R8c7 42.Bd4 Rb7 43.Bc3 Rb1
44.Rd7 Ke6 45.Ra7 Rd1 46.Ke4 Rg1 47.Rb2 Rg3 48.Rb8 Rd3 49.Bb4  1-0

[Event "Zalakaros op"]
[Site "Zalakaros"]
[Date "1995.??.??"]
[Round "2"]
[White "Horvath, Imre"]
[Black "Honsch, Pal"]
[Result "1-0"]
[WhiteElo "2345"]
[BlackElo "2155"]

1.e4 c5 2.Nf3 d6 3.Bb5+ Nd7 4.d4 a6 5.Bxd7+ Qxd7 6.Nc3 cxd4 7.Qxd4 e6 8.Bg5 Qc7
9.O-O Bd7 10.Rfe1 Qc5 11.Nd5 exd5 12.exd5+ Ne7 13.Bxe7 Bxe7 14.Qxg7 O-O-O
15.Rxe7 Qxd5 16.Qxf7 Qxf7 17.Rxf7 Rde8 18.Nd4 h5 19.Rf3 Re4 20.c3 Rhe8 21.h3 b5
22.Kh2 R8e5 23.Rd1 Kc7 24.Rdd3 Re1 25.Rde3 Rb1 26.b4 Rb2 27.a3 Rxf2 28.Rxe5 Rxf3
29.Nxf3 dxe5 30.Nxe5 Kd6 31.Nxd7  1-0

[Event "Zalakaros op"]
[Site "Zalakaros"]
[Date "1995.??.??"]
[Round "4"]
[White "Chernyshov, Konstantin"]
[Black "Kahn, Evarth"]
[Result "1/2-1/2"]
[WhiteElo "2510"]
[BlackElo "2400"]

1.e4 c5 2.Nf3 d6 3.Bb5+ Bd7 4.a4 Nf6 5.e5 dxe5 6.Nxe5 Bxb5 7.axb5 Qd5 8.Nf3 Qe4+
9.Qe2 Qxe2+ 10.Kxe2 e6 11.Na3 Nbd7 12.Nc4 Be7 13.d3 O-O 14.Na5 a6 15.b6 Nxb6
16.Nxb7 c4 17.dxc4 Nxc4 18.b3 Rab8  1/2-1/2

[Event "Zalakaros op"]
[Site "Zalakaros"]
[Date "1995.??.??"]
[Round "7"]
[White "Biro, Sandor"]
[Black "Kopjonkin, Gennady"]
[Result "1/2-1/2"]
[WhiteElo "2320"]
[BlackElo "2425"]

1.e4 c5 2.Nf3 d6 3.Bb5+ Bd7 4.Bxd7+ Qxd7 5.O-O Nc6 6.c3 Nf6 7.d4 Nxe4 8.d5 Ne5
9.Nxe5 dxe5 10.Re1 Nd6 11.Rxe5 g6 12.Re1 Bg7 13.Bg5 O-O 14.Nd2 Rfe8 15.Nf3  1/2-1/2

[Event "Zlin-B"]
[Site "Zlin"]
[Date "1995.??.??"]
[Round "?"]
[White "Sosna, Jan"]
[Black "Vasilchenko, Oleg"]
[Result "1-0"]
[WhiteElo "2310"]
[BlackElo "2430"]

1.e4 c5 2.Nf3 d6 3.Bb5+ Nd7 4.d4 a6 5.Bxd7+ Bxd7 6.dxc5 dxc5 7.Nc3 e6 8.Ne5 Nf6
9.O-O Be7 10.Bg5 b5 11.Qf3 Ra7 12.Rad1 Qc8 13.Nxd7 Rxd7 14.e5 Ng8 15.Rxd7 Qxd7
16.Rd1 Qc8 17.Ne4 Qb8 18.Bxe7 Kxe7 19.Nxc5 Nh6 20.Rd7+ Ke8 21.Qc6 Kf8 22.Rc7  1-0

[Event "Zlin op"]
[Site "Zlin"]
[Date "1995.??.??"]
[Round "3"]
[White "Stodola, Jaroslav"]
[Black "Graf, Pawel"]
[Result "0-1"]
[WhiteElo "2170"]
[BlackElo "2150"]

1.e4 c5 2.Nf3 d6 3.Bb5+ Nc6 4.O-O Bd7 5.Re1 g6 6.c3 Ne5 7.Bxd7+ Qxd7 8.d4 Nxf3+
9.Qxf3 Bg7 10.Be3 Qc6 11.Nd2 cxd4 12.cxd4 Rc8 13.Nb3 Nf6 14.Rac1 Qd7 15.Rxc8+ Qxc8
16.e5 dxe5 17.dxe5 Nd7 18.Rc1 Qa8 19.Qd5 Bxe5 20.Nc5 Bd6 21.Bd4 Nb6 22.Qg5 O-O
23.Ne4 f6 24.Qh6 Rf7 25.Qh3 Qd8 26.Ng5 fxg5 27.Qe3 Bf4  0-1

[Event "TUN-SVK"]
[Site "Sousse"]
[Date "1996.08.03"]
[Round "3"]
[White "Franzen, Josef"]
[Black "Rahmani, Chebly"]
[Result "1/2-1/2"]
[WhiteElo "2325"]
[BlackElo "2255"]

1.e4 c5 2.Nf3 d6 3.Bb5+ Bd7 4.Bxd7+ Qxd7 5.c4 Nc6 6.Nc3 g6 7.d4 cxd4 8.Nxd4 Bg7
9.Be3 Nf6 10.f3 O-O 11.Qd2 Rfc8 12.b3 Qe8 13.O-O a6 14.Rac1 Nxd4 15.Bxd4 Rab8
16.a4 Qc6 17.Rfd1 Qe8 18.Rc2 Qf8 19.Qf2 Nd7 20.Nd5 Bxd4 21.Qxd4 Nc5 22.Rc3 Re8
23.b4 Nxa4 24.Ra3 b5 25.c5 dxc5 26.bxc5 Rbc8 27.Rc1 e5 28.Nf6+ Kh8 29.Qa1 Re6
30.Nd7 Qe7 31.Nxe5 f6 32.Nd3 Nxc5 33.Rac3 Rec6 34.Qa3 Qd8 35.Rxc5 Qd4+ 36.Kf1 Rxc5
37.Rxc5 Rxc5 38.Nxc5 Qd1+ 39.Kf2 Qd2+ 40.Kg3 Qg5+  1/2-1/2

[Event "Aberdeen op"]
[Site "Aberdeen"]
[Date "1996.??.??"]
[Round "4"]
[White "Wall, Tim"]
[Black "Lalic, Bogdan"]
[Result "0-1"]
[WhiteElo "2250"]
[BlackElo "2575"]

1.e4 c5 2.Nf3 d6 3.Bb5+ Nd7 4.c4 Nf6 5.Nc3 e6 6.d4 cxd4 7.Nxd4 Be7 8.O-O O-O
9.Ba4 Ne5 10.Qe2 Qc7 11.Bb3 a6 12.Be3 Bd7 13.Rac1 Rac8 14.f3 Rfe8 15.Nb1 Qb8
16.a4 Bd8 17.Qd2 h6 18.Kh1 Ng6 19.Nc3 Ba5 20.Qf2 Ne5 21.Qg3 Kh8 22.Nce2 Bc7
23.Qh4 Bd8 24.Qh3 d5 25.cxd5 Rxc1 26.Nxc1 exd5 27.Nf5 dxe4 28.fxe4 Neg4 29.Bxf7 Rxe4
30.Nh4 g5 31.Nf5 Bxf5 32.Rxf5 Rxe3  0-1

[Event "Donner mem op"]
[Site "Amsterdam"]
[Date "1996.??.??"]
[Round "1"]
[White "Etmans, Maarten D"]
[Black "Van der Wiel, John TH"]
[Result "0-1"]
[WhiteElo "2230"]
[BlackElo "2535"]

1.e4 c5 2.Nf3 d6 3.Bb5+ Bd7 4.Bxd7+ Nxd7 5.O-O Ngf6 6.Qe2 e6 7.c3 Be7 8.d4 cxd4
9.cxd4 d5 10.e5 Ne4 11.Ne1 Qb6 12.Be3 f6 13.f3 Ng5 14.Qd2 fxe5 15.Bxg5 Bxg5
16.Qxg5 Qxb2 17.Nc2 Qxc2 18.dxe5 Qc5+ 19.Kh1 O-O 20.f4 Rf5 21.Qg3 Nxe5 22.Qe1 Ng4
23.Qxe6+ Kh8 24.Nd2 Raf8 25.g3 d4 26.Rac1 Qa5 27.Nf3 Qd5 28.Qxd5 Rxd5 29.h3 Rh5
30.Nxd4 Rxh3+ 31.Kg2 Rh2+ 32.Kf3 Ne5+ 33.Ke4 Ng4 34.Kf3 h5 35.Rh1 Rf2+ 36.Ke4 g6
37.Rc7 Re8+ 38.Kd3 Rxa2 39.Rhc1 Ra3+ 40.Kd2 Rxg3 41.Rxb7 Rg2+ 42.Kd3 Nf2+  0-1

[Event "Donner mem op"]
[Site "Amsterdam"]
[Date "1996.??.??"]
[Round "8"]
[White "Kristensen, Bjarke"]
[Black "Van Blitterswijk, Stefan"]
[Result "0-1"]
[WhiteElo "2420"]
[BlackElo "2320"]

1.e4 c5 2.Nf3 d6 3.Bb5+ Nd7 4.c4 Nf6 5.Nc3 g6 6.d4 cxd4 7.Nxd4 Bg7 8.Be3 O-O
9.Bxd7 Bxd7 10.f3 Rc8 11.b3 a6 12.Qd2 b5 13.cxb5 axb5 14.Rd1 b4 15.Nb1 e5
16.Nc2 d5 17.exd5 e4 18.O-O exf3 19.gxf3 Bh3 20.Rf2 Re8 21.Nxb4 Bf8 22.Bd4 Bxb4
23.Qxb4 Nxd5 24.Qd2 Qh4 25.f4 Re4 26.Rf3 Nxf4 27.Nc3 Rxc3 28.Bxc3 Qg4+ 29.Rg3 Ne2+  0-1

[Event "Andorra"]
[Site "Andorra"]
[Date "1996.??.??"]
[Round "4"]
[White "Ulibin, Mikhail"]
[Black "Gamundi, Antonio"]
[Result "0-1"]
[WhiteElo "2550"]
[BlackElo "2395"]

1.e4 c5 2.Nf3 d6 3.Bb5+ Bd7 4.Bxd7+ Qxd7 5.O-O Nc6 6.c3 Nf6 7.d4 cxd4 8.cxd4 d5
9.e5 Ng8 10.Nc3 e6 11.Rb1 Nge7 12.b4 Nc8 13.b5 Na5 14.Ne2 Nb6 15.Nf4 Nac4
16.Re1 a6 17.bxa6 Rxa6 18.Re2 Na4 19.Rc2 b5 20.Ne1 g6 21.Ned3 Be7 22.Qf3 O-O
23.Nb4 Ra7 24.Qg4 Rc8 25.Nh5 Rac7 26.Nf6+ Bxf6 27.exf6 Nd6 28.Rxc7 Rxc7 29.Bf4 Nc3
30.Rb3 Nce4 31.f3 Nxf6 32.Qg5 Nfe8 33.Nd3 f6 34.Qg4 Qc8 35.Nc5 e5 36.Qxc8 Rxc8
37.Be3 Nf5 38.Bf2 exd4 39.g4 Ne3 40.Bxe3 dxe3 41.Rxe3 Rxc5 42.Rxe8+ Kf7 43.Re2 g5
44.Kf2 Rc3 45.Rb2 Ke6 46.Rxb5 Rc2+ 47.Kg3 Rxa2 48.Rb6+ Ke5 49.Rb7 Ra6 50.Rxh7 d4
51.Rd7 Rd6 52.Re7+ Kd5 53.h4 gxh4+ 54.Kxh4 d3 55.Re1 d2 56.Rd1 Kc4 57.f4 Kd3
58.f5 Rd8 59.g5 Rh8+ 60.Kg4 Rg8 61.g6 Ke2 62.Rh1 d1=Q 63.Rxd1 Kxd1  0-1

[Event "Antwerp op"]
[Site "Antwerp"]
[Date "1996.??.??"]
[Round "1"]
[White "Van der Lijn, Bas"]
[Black "David, Alberto"]
[Result "1-0"]
[WhiteElo "2190"]
[BlackElo "2435"]

1.e4 c5 2.Nf3 d6 3.Bb5+ Nc6 4.O-O Bd7 5.Re1 Nf6 6.c3 a6 7.Bf1 Bg4 8.d4 Bxf3
9.gxf3 g6 10.d5 Na7 11.f4 Bg7 12.Bg2 O-O 13.e5 Nd7 14.e6 Nf6 15.exf7+ Rxf7
16.Bh3 Kh8 17.Be6 Rf8 18.a4 Nh5 19.f5 Qe8 20.Re4 gxf5 21.Rh4 Qg6+ 22.Kh1 Nf6
23.Nd2 Bh6 24.Nf3 Rg8 25.Bxg8 Rxg8 26.Qf1 Bxc1 27.Rxc1 Nxd5 28.Qh3 Nf6 29.Rg1 Ng4
30.Qf1 Qe6 31.h3 Qd5 32.hxg4 Qxf3+ 33.Qg2 Qd3 34.g5 Rg6 35.Qxb7 d5 36.Qb8+ Kg7
37.Qe5+ Kg8 38.Rg3 Qd1+ 39.Kg2 Nc6 40.Qxf5 e6 41.Qf4 Ne7 42.Rf3 Nf5 43.Qb8+ Kg7
44.Qc7+ Kf8 45.Rxf5+  1-0

[Event "RUS-ch sf"]
[Site "Arkhangelsk"]
[Date "1996.??.??"]
[Round "?"]
[White "Skvortsov, A."]
[Black "Nevostrujev, Vladimir"]
[Result "1/2-1/2"]
[WhiteElo "2335"]
[BlackElo "2410"]

1.e4 c5 2.Nf3 d6 3.Bb5+ Bd7 4.Bxd7+ Qxd7 5.O-O Nf6 6.Re1 Nc6 7.b3 e6 8.Bb2 Be7
9.d4 cxd4 10.Nxd4 O-O 11.c4 a6 12.Nc3 Nxd4 13.Qxd4 b5 14.Rad1 Qb7 15.cxb5 axb5
16.e5 dxe5 17.Qxe5 Rfd8 18.Rxd8+ Rxd8 19.Qxb5 Qxb5 20.Nxb5 Rd2 21.Bd4 Rxa2
22.g3 h5 23.Rb1 Rc2 24.Rb2 Rc1+ 25.Kg2 Nd5  1/2-1/2

[Event "RUS-ch sf"]
[Site "Arkhangelsk"]
[Date "1996.??.??"]
[Round "?"]
[White "Skvortsov, A."]
[Black "Pres, Grigorii"]
[Result "1/2-1/2"]
[WhiteElo "2335"]
[BlackElo "2310"]

1.e4 c5 2.Nf3 d6 3.Bb5+ Bd7 4.Bxd7+ Nxd7 5.O-O Ngf6 6.Re1 g6 7.b3 e5 8.c3 Bg7
9.d4 O-O 10.Bb2 Re8 11.Nbd2 Qc7 12.dxe5 dxe5 13.Nc4 Bf8 14.Ne3 Qc6 15.c4 Rad8
16.Nd5 Nxd5 17.cxd5 Qf6 18.Qd2 Bd6 19.Qa5 a6 20.Bc1 Qe7 21.Bg5 f6 22.Bd2 Ra8
23.a4 h5 24.Qc3 a5 25.Nh4 Qg7 26.Qh3 Nf8 27.Re3 Kf7 28.g4 Qh7 29.Rf3 Ra6
30.Rc1 Be7 31.Ng2 hxg4 32.Qxg4 Qh5 33.Qxh5 gxh5 34.Rf5 Rb8 35.Be3 b5 36.Rxh5 bxa4
37.bxa4 Rab6  1/2-1/2

[Event "RUS-ch sf"]
[Site "Arkhangelsk"]
[Date "1996.??.??"]
[Round "?"]
[White "Skvortsov, A."]
[Black "Loskutov, Oleg"]
[Result "1-0"]
[WhiteElo "2335"]
[BlackElo "2440"]

1.e4 c5 2.Nf3 d6 3.Bb5+ Bd7 4.Bxd7+ Nxd7 5.O-O Ngf6 6.Re1 e6 7.b3 Be7 8.Bb2 O-O
9.d4 cxd4 10.Nxd4 Nc5 11.Nd2 a6 12.a4 Rc8 13.Re3 d5 14.e5 Nfe4 15.Nf1 f6
16.exf6 Bxf6 17.f3 Nd6 18.Re1 Qb6 19.a5 Qa7 20.Kh1 e5 21.Ne2 d4 22.Neg3 b5
23.axb6 Qxb6 24.Nd2 Rf7 25.Ra2 Rb7 26.Ba3 d3 27.Bxc5 Rxc5 28.cxd3 Bh4 29.b4 Qxb4
30.Ra4 Rc1 31.Qxc1 Qxa4 32.Nde4 Bxg3 33.Nxd6 Qd7 34.Qc4+ Kf8 35.hxg3 Rc7
36.Qxa6 Rc6 37.Qa8+ Ke7 38.Nf5+  1-0

[Event "Donau op 5th"]
[Site "Aschach"]
[Date "1996.??.??"]
[Round "5"]
[White "Tkaczuk, Rainer"]
[Black "Lechtynsky, Jiri"]
[Result "1/2-1/2"]
[WhiteElo "2235"]
[BlackElo "2425"]

1.e4 c5 2.Nf3 d6 3.Bb5+ Bd7 4.Bxd7+ Nxd7 5.O-O Ngf6 6.Qe2 e6 7.b3 Be7 8.Bb2 O-O
9.c4 Qc7 10.Nc3 a6 11.d4 cxd4 12.Nxd4 Rfe8 13.Rfd1 Bf8 14.Rac1 Rac8 15.h3 Qb8
16.Nf3 b6 17.Ba3  1/2-1/2

[Event "Donau op 5th"]
[Site "Aschach"]
[Date "1996.??.??"]
[Round "7"]
[White "Tkaczuk, Rainer"]
[Black "Mendl, Manuel"]
[Result "0-1"]
[WhiteElo "2235"]
[BlackElo "2150"]

1.e4 c5 2.Nf3 d6 3.Bb5+ Bd7 4.Bxd7+ Qxd7 5.c4 Nf6 6.Nc3 Nc6 7.d4 cxd4 8.Nxd4 g6
9.f3 Bg7 10.Be3 O-O 11.Rc1 a6 12.O-O Nxd4 13.Bxd4 b5 14.cxb5 axb5 15.a3 Qb7
16.Qb3 Rab8 17.Qb4 Rfc8 18.Nxb5 Rxc1 19.Rxc1 Qxb5 20.Rc8+ Ne8 21.Rxb8 Bxd4+
22.Qxd4 Qxb8 23.b4 Nc7 24.a4 Ne6  0-1

[Event "GRE-chT"]
[Site "Athens"]
[Date "1996.??.??"]
[Round "5"]
[White "Daniilidis, Aris"]
[Black "Shipov, Sergei"]
[Result "1-0"]
[WhiteElo "2325"]
[BlackElo "2535"]

1.e4 c5 2.Nf3 d6 3.Bb5+ Bd7 4.c4 Nc6 5.d4 cxd4 6.Nxd4 Rc8 7.O-O Nf6 8.Nc3 e6
9.Kh1 Be7 10.f4 O-O 11.Bxc6 Bxc6 12.Qe2 Nd7 13.Be3 Re8 14.Rad1 a6 15.Nxc6 Rxc6
16.Bd4 Qa5 17.Rf3 Bf8 18.Rh3 g6 19.b3 Rcc8 20.Qg4 Be7 21.f5 Ne5 22.fxg6 hxg6
23.Rf1 Qc5 24.Qf4 Qxd4 25.Qh6 Nf3 26.Qh7+ Kf8 27.Rhxf3 f5 28.exf5 gxf5 29.Rg3  1-0